Connaissez-vous l'histoire des consoles ? #1 - Statistiques

Statistiques générales
  • Ce quiz a été pris 5 fois
  • Le résultat moyen est 2 sur 16
Statistiques - réponses
Par images Réponse % Correct
Atari 2600
75%
Atari 5200
25%
SG-1000
25%
Studio II
25%
Arcadia 2001
0%
Astrocade
0%
Cassette Vision
0%
Channel F
0%
Colecovision
0%
Color TV Game
0%
Intellivision
0%
Microvision
0%
Odyssey
0%
Odyssey 2
0%
VC 4000
0%
Vectrex
0%
Aucun quiz correspondant
Distribution des résultats
% des personnes avec chaque résultat
Percentile par nombre de réponses
Votre historique - résultats
Vous n’avez pas pris ce quiz